| 000 | 00636nam a22002297a 4500 | ||
|---|---|---|---|
| 003 | OSt | ||
| 005 | 20140310182350.0 | ||
| 008 | 130928t xxu||||| |||| 00| 0 eng d | ||
| 020 | _a0590434500 | ||
| 050 |
_aPZ 7 _b.Y44Dr 1975 |
||
| 082 |
_aGS 895.1'348 _bY43 1975 |
||
| 100 |
_aYep, Laurence _919658 |
||
| 245 |
_aDragonwings / _cLaurence Yep. |
||
| 260 |
_aNew York : _bScholastic Inc, _cc1975. |
||
| 300 |
_a248 p. : _c19 cm. |
||
| 541 | _j1 | ||
| 562 | _e1 | ||
| 650 |
_aMoon shadow _xFiction _922117 |
||
| 650 |
_aMother and son _xFiction _922118 |
||
| 650 |
_aFather and son _xFiction _922119 |
||
| 942 |
_2lcc _cBK-GS |
||
| 999 |
_c12330 _d12330 |
||